00333nam a2200133Ia 4500008004100000020001500041041001200056082001600068100001600084245005900100260002500159300000800184650000700192221030s9999 xx 000 0 und d a0074622927 aEnglish a105.23bNai aM. S. Naidu 0aIntroduction To Electrical Engineeringcby M. S. Naidu bTMHaNew Delhic2002 a741 aEE